| 000 | 01671nam0a2200325 4500 | ||
|---|---|---|---|
| 001 | RU\NLR\BIBL_A\011534108 | ||
| 005 | 20241102161605.0 | ||
| 010 |
_a9785763835502 _9500 |
||
| 021 |
_aRU _b2017-82416 _95885 |
||
| 035 | _a(RuMoRGB)009437326 | ||
| 035 | _a(NLR Aleph) 011534108 | ||
| 090 |
_a12159373 _c12159373 |
||
| 100 | _a20171121d2017 k y0rusy50 ca | ||
| 101 | 0 | _arus | |
| 102 | _aRU | ||
| 105 | _ay|||zzzz0|1zy | ||
| 200 | 1 |
_aАнализ в матричных областях _eмонография _fГ. Худайберганов, А. М. Кытманов, Б. А. Шаимкулов _gМинистерство образования и науки Российской Федерации, Сибирский федеральный университет, Министерство высшего и среднего специального образования Республики Узбекистан, Национальный книверситет Узбекистана имени Мирзо Улугбека |
|
| 210 |
_aКрасноярск _cСФУ _d2017 |
||
| 215 |
_a293 с. _d21 |
||
| 320 | _aБиблиогр.: с. 285-293 (141 назв.) | ||
| 606 |
_aМногомерный комплексный анализ _91481387 _3RU\NLR\AUTH\66631095 |
||
| 686 |
_aВ161.5,0 _2rubbk |
||
| 686 | 1 | _aВ161.5 | |
| 700 | 1 |
_aХудайберганов _bГ. _gГулмирза |
|
| 701 | 1 |
_aКытманов _bА. М. _gАлександр Мечиславович |
|
| 701 | 1 |
_aШаимкулов _bБ. А. _gБаходыр Аллабердыевич |
|
| 942 | _cBOOK | ||
| 980 | _aNBR | ||